Production of transparent natural rubber compounds (Record no. 65857)

MARC details
000 -LEADER
fixed length control field 00324nam a2200121Ia 4500
100 ## - MAIN ENTRY--AUTHOR NAME
Personal name Mani K T
245 #0 - TITLE STATEMENT
Title Production of transparent natural rubber compounds
260 ## - PUBLICATION, DISTRIBUTION, ETC. (IMPRINT)
Name of publisher Placrosym III, Cochin, 1980
Year of publication 1980
700 ## - ADDED ENTRY--PERSONAL NAME
Personal name Kuriakose B
700 ## - ADDED ENTRY--PERSONAL NAME
Personal name Thomas E V
942 ## - ADDED ENTRY ELEMENTS (KOHA)
Koha item type Journals
Holdings
Withdrawn status Lost status Damaged status Not for loan Home library Current library Shelving location Date acquired Koha item type
      Journals RRII Library RRII Library Rubber chemistry 17/12/2021 Journals